000 00563pab a2200181 454500
008 180718b2009 xxu||||| |||| 00| 0 eng d
100 _aZhang, Mengzhong
245 _aCrossing the river by touching stones: a comparative study of administrative reforms in China and the United States
260 _c2009
300 _ap.S82-S87.
362 _aDec
650 _aAdministrative reform - United States
650 _aAdministrative reform - China
650 _aAdministrative reform
773 _aPublic Administration Review
908 _aN
909 _a84988
999 _c84988
_d84988